=LDR 00000nam 2200000 4500 =001 INLIS000000000810489 =005 20260202103320 =035 ##$$a 0010-0126000031 =007 ta =008 260202###########################0#ara## =082 ##$$a 297.072 =084 ##$$a 297.072 MUH h =100 #$$a Muhammad Naufal =245 1#$$a hukm qiroat surat yasin laylatul jumat /$c Ustadz Abdullah Abdurrahman Bahmid, S.H =260 ##$:$b PIAT 7,$c 2025 =300 ##$$a 13 hlm ; $c 21 x 29,7 cm. =990 ##$$a 00000005252